[Event "Serrano op 1st"]
[Site "Serrano"]
[Date "2015.09.28"]
[Round "5"]
[White "Norambuena Barrales, Cristian Alejandro"]
[Black "Bulgarini Torre, Marco"]
[Result "0-1"]
[WhiteElo "2028"]
[BlackElo "1910"]
[PlyCount "64"]
[EventDate "2015.09.07"]
[EventType "swiss"]
[EventRounds "7"]
[EventCountry "CHI"]
[SourceTitle "EXT 2017"]
[Source "ChessBase"]
[SourceDate "2016.10.25"]
[SourceVersion "1"]
[SourceVersionDate "2016.10.25"]
[SourceQuality "1"]

1. e4 e6 2. d4 d5 3. Nc3 Bb4 4. a3 Bxc3+ 5. bxc3 dxe4 6. Qg4 Nf6 7. Qxg7 Rg8 8. Qh6 Nbd7 9. Ne2 b6 10. Ng3 Bb7 11. Bb5 Rg6 12. Qe3 a6 13. Be2 Qe7 14. a4 0-0-0 15. Ba3 Qe8 16. 0-0 Nd5 17. Qd2 e5 18. Rfe1 Nf4 19. Bf1 f5 20. dxe5 Qxe5 21. Qd4 c5 22. Qxe5 Nxe5 23. Rad1 Rf8 24. a5 h5 25. Bc1 Nd5 26. Bxa6 Nxc3 27. Bxb7+ Kxb7 28. Rd2 h4 29. Bb2 hxg3 30. Bxc3 gxh2+ 31. Kxh2 Rh8+ 32. Kg1 Nf3+ 0-1

[Event "Serrano op 1st"]
[Site "Serrano"]
[Date "2015.09.23"]
[Round "4"]
[White "Mino Silva, Alvaro Antonio"]
[Black "Norambuena Barrales, Cristian Alejandro"]
[Result "0-1"]
[WhiteElo "1796"]
[BlackElo "2028"]
[PlyCount "82"]
[EventDate "2015.09.07"]
[EventType "swiss"]
[EventRounds "7"]
[EventCountry "CHI"]
[SourceTitle "EXT 2017"]
[Source "ChessBase"]
[SourceDate "2016.10.25"]
[SourceVersion "1"]
[SourceVersionDate "2016.10.25"]
[SourceQuality "1"]

1. d4 Nf6 2. c4 e6 3. Nf3 Bb4+ 4. Bd2 Qe7 5. a3 Bxd2+ 6. Nbxd2 d5 7. Qc2 b6 8. e3 0-0 9. Bd3 c5 10. cxd5 exd5 11. b3 Nbd7 12. 0-0 Bb7 13. Rfd1 Rac8 14. Qb2 Rfe8 15. Nf1 c4 16. Be2 Ne4 17. Rdc1 c3 18. Qc2 Ndf6 19. h3 a6 20. b4 h6 21. Bd3 Rc7 22. N1h2 Bc8 23. Ne5 b5 24. Nhf3 Bf5 25. Qe2 g5 26. g4 Bc8 27. Nh2 Nd7 28. Nxd7 Bxd7 29. Nf1 Nd6 30. Ng3 Rf8 31. Bc2 f5 32. gxf5 Nxf5 33. Nxf5 Bxf5 34. Bxf5 Rxf5 35. Qd3 Qe6 36. Rxc3 Rcf7 37. Ra2 Rf3 38. Rac2 Rxh3 39. Rc8+ Kg7 40. Qe2 Qe4 41. f3 Rhxf3 0-1